000 01456nam a2200265 a 4500
003 DO-SdBNP
005 20250123131622.0
007 ta
008 100312s1996 dr r 001 0 spa d
020 _a8492184558
040 _aDO-SdBNP
_bspa
_cBNPHU
082 _axxxx
_bA367t
100 1 _aAlemán, José Luis,
_97046
245 1 0 _aTecnología, economía y educación en República Dominica /
_cJosé Luis Alemán; editores Rocio Hernández Mella, Marcos Villamán.
260 _aSanto Domingo :
_bFLACSO,
_c1996.
300 _a80 p. ;
_c28 cm.
504 _aBibliografía p: 59-64
505 2 _tPresentación --
_tParticipantes en las reuniones especializadas, debates y foros --
_tIntroducción --
_tLas instituciones "magnificas" --
_tModelos econométricos recientes sobre tecnología y economía --
_tPolíticas tecnológicas de crecimiento --
_tLas opciones dominicanas --
_tBibliografía --
_tIndotec en el proceso de desarrollo del capital humano --
_tRecomendaciones para mejorar la calidad de la enseñanza de las ciencias naturales y la tecnología en el marco del nuevo currículo --
_tNivel institucional --
_tNivel del proceso enseñanza-aprendizaje --
_tNivel de extensión y actividades extranjeras /
590 _aInventariado, 2022/ YL
700 1 _aHernández Mella, Rocio
_eed.
_912263
700 1 _aVillamán, Marcos,
_eed.
_9760
710 1 _aFacultad Latinoamericana de Ciencias Sociales
_9294
910 _aYLockward
942 _2ddc
_cLBS1
999 _c16459
_d16459